Európa-szalon. [Szabó Gyula: Nevessünk a régiekkel]
Elmentve itt :
| Szerző: | |
|---|---|
| Adatforrás: | Meister |
| Forrásdokumentuma: | Helikon. - 3 sz., 1995, 2 p. |
| Nyelv: | magyar |
| Kulcsszavak: | művelődéstörténet-recenzió franciák SZABÓ Gyula |
| LEADER | 00415nab a2200145 i 4500 | ||
|---|---|---|---|
| 001 | bibPRO00009547 | ||
| 008 | 060524s1995 xx hun | ||
| 040 | |a Sz1 | ||
| 041 | |a hun | ||
| 100 | 1 | |a SZŐCS István | |
| 245 | 1 | 0 | |a Európa-szalon. [Szabó Gyula: Nevessünk a régiekkel] |c SZŐCS István |
| 695 | |a művelődéstörténet-recenzió | ||
| 695 | |a franciák | ||
| 695 | |a SZABÓ Gyula | ||
| 773 | 0 | |t Helikon. - |g 3 sz., 1995, 2 p. | |